000 00624nam a22001815i 4500
001 53595
003 ES-MaACL
005 20230906162809.0
007 t|
008 960628m18741881sp ||||1| spa d
040 _aCAM
_bspa
_cCAM
100 1 _aFastenrath, Johann (
_d1839-1908)
_948926
245 1 3 _aLa Walhalla y las glorias de Alemania
_b: noticias de todos los personajes que alcanzaron honrosa celebridad ... /
_cpor Juan Fastenrath.
260 _aMadrid :
_b[s.n.],
_c1874-1881 (
_fImp. de Aribau y Cª)
300 _a6 v. ;
_c18 cm.
651 4 _aAlemania-
_xCivilización.
_9137020
852 _aES-MaACL
_jG-10748-53
999 _c53595
_d53595